Description of the cape observatory (Record no. 6302)

MARC details
000 -LEADER
fixed length control field 00545nam a2200169Ia 4500
003 - CONTROL NUMBER IDENTIFIER
control field IN-BaIIA
008 - FIXED-LENGTH DATA ELEMENTS--GENERAL INFORMATION
fixed length control field 211028s9999 xx 000 0 eng d
040 ## - CATALOGING SOURCE
Transcribing agency IIA Library
080 ## - UNIVERSAL DECIMAL CLASSIFICATION NUMBER
Universal Decimal Classification number 520.1
Item number GIL
100 ## - MAIN ENTRY--PERSONAL NAME
Personal name Gill, David
245 #0 - TITLE STATEMENT
Title Description of the cape observatory
Remainder of title pt. 1, the vctoria telescope and its observatory.
Statement of responsibility, etc. David Gill
260 ## - PUBLICATION, DISTRIBUTION, ETC.
Place of publication, distribution, etc. London
Name of publisher, distributor, etc. Royal Observatory
Date of publication, distribution, etc. 1897
300 ## - PHYSICAL DESCRIPTION
Extent 136p.
650 ## - SUBJECT ADDED ENTRY--TOPICAL TERM
Topical term or geographic name entry element Cape Observatory
9 (RLIN) 10820
650 ## - SUBJECT ADDED ENTRY--TOPICAL TERM
Topical term or geographic name entry element Victoria telescope
9 (RLIN) 10821
942 ## - ADDED ENTRY ELEMENTS (KOHA)
Koha item type Books
Holdings
Withdrawn status Lost status Damaged status Not for loan Home library Current library Shelving location Date acquired Total Checkouts Full call number Barcode Date last seen Price effective from Koha item type
        IIA Library-Bangalore IIA Library-Kodaikanal General Stacks 18/09/1979   520.1/ GIL 7023 05/11/2021 18/09/1979 Books

Powered by Koha